US States by Any 3 Letters Quiz Stats

 Plays Quiz Updated Sep 12, 2018

Score 0/50 Timer 01:30
4 Plays Today
State % Correct
New York
94.8%
New Mexico
94.8%
New Hampshire
94.7%
New Jersey
94.6%
Missouri
93.2%
California
91%
Florida
90.8%
North Dakota
90%
Alaska
89.9%
South Dakota
89.9%
North Carolina
89.7%
South Carolina
89.6%
Alabama
89%
Vermont
80.6%
Washington
80.5%
Mississippi
79.7%
Arkansas
79.5%
Texas
77.8%
Wyoming
76.6%
West Virginia
76.5%
Wisconsin
75.9%
Maine
74.3%
Georgia
74%
Oregon
72.3%
Hawaii
70.8%
State % Correct
Virginia
70.8%
Montana
70.7%
Arizona
69.2%
Idaho
68.8%
Ohio
68.8%
Kansas
68.6%
Indiana
66.3%
Pennsylvania
66.4%
Colorado
66%
Illinois
65.9%
Michigan
64.4%
Louisiana
63.2%
Tennessee
62.8%
Rhode Island
62.3%
Connecticut
61.9%
Iowa
61.7%
Minnesota
61.6%
Massachusetts
61.6%
Nevada
61.1%
Kentucky
61%
Delaware
60.6%
Maryland
60.2%
Utah
58.4%
Nebraska
57.4%
Oklahoma
55.4%

You're not logged in!

Compare scores with friends on all Sporcle quizzes.
OR
Log In

Sporcle TV

Today on Sporcle TV


Watch our educational content, quiz creation guides, and fun videos on Sporcle TV.

Show Comments

Extras

Top Quizzes Today


Score Distribution

Your Account Isn't Verified!

In order to create a playlist on Sporcle, you need to verify the email address you used during registration. Go to your Sporcle Settings to finish the process.

Report this User

Report this user for behavior that violates our Community Guidelines.

Details: